Sąsiedzi państw - Europa - Statystyki

Ogólne statystyki
  • Ten quiz został rozwiązany 98 razy
    70 od ostatniego zresetowania
  • Średni wynik to 40 z 43
Statystyki odpowiedzi
Państwo Sąsiedzi % Poprawnych
Austria Czechy / Liechtenstein / Niemcy / Słowacja / Słowenia / Szwajcaria / Węgry / Włochy
100%
Chorwacja Bośnia i Hercegowina / Czarnogóra / Serbia / Słowenia / Węgry
98%
Bośnia i Hercegowina Chorwacja / Czarnogóra / Serbia
98%
Albania Czarnogóra / Grecja / Kosowo / Macedonia Północna
98%
Andora Francja / Hiszpania
98%
Belgia Francja / Holandia / Luksemburg / Niemcy
98%
Bułgaria Grecja / Macedonia Północna / Rumunia / Serbia / Turcja
98%
Białoruś Litwa / Łotwa / Polska / Rosja / Ukraina
98%
Czarnogóra Albania / Bośnia i Hercegowina / Chorwacja / Kosowo / Serbia
97%
Czechy Austria / Niemcy / Polska / Słowacja
97%
Francja Andora / Belgia / Brazylia / Hiszpania / Holandia / Luksemburg / Monako / Niemcy / Szwajcaria / Surinam / Włochy
95%
Hiszpania Andora / Francja / Maroko / Portugalia / Wielka Brytania
95%
Holandia Belgia / Francja / Niemcy
95%
Łotwa Białoruś / Estonia / Litwa / Rosja
95%
Litwa Białoruś / Łotwa / Polska / Rosja
95%
Dania Kanada / Niemcy
95%
Estonia Łotwa / Rosja
95%
Finlandia Norwegia / Rosja / Szwecja
95%
Irlandia Wielka Brytania
95%
Grecja Albania / Bułgaria / Macedonia Północna / Turcja
93%
Kosowo Albania / Czarnogóra / Macedonia Północna / Serbia
93%
Liechtenstein Austria / Szwajcaria
93%
Luksemburg Belgia / Francja / Niemcy
93%
Niemcy Austria / Belgia / Czechy / Dania / Francja / Holandia / Luksemburg / Polska / Szwajcaria
92%
Polska Białoruś / Czechy / Litwa / Niemcy / Rosja / Słowacja / Ukraina
92%
Norwegia Finlandia / Rosja / Szwecja
92%
Portugalia Hiszpania
92%
Węgry Austria / Chorwacja / Rumunia / Serbia / Słowacja / Słowenia / Ukraina
90%
Szwajcaria Austria / Francja / Liechtenstein / Niemcy / Włochy
90%
Włochy Austria / Francja / San Marino / Słowenia / Szwajcaria / Watykan
90%
Rosja Azerbejdżan / Białoruś / Chiny / Estonia / Finlandia / Gruzja / Kazachstan / Korea Północna / Litwa / Łotwa / Mongolia / Norwegia / Polska / Ukraina
90%
Ukraina Białoruś / Mołdawia / Polska / Rosja / Rumunia / Słowacja / Węgry
90%
Serbia Bośnia i Hercegowina / Bułgaria / Chorwacja / Czarnogóra / Kosowo / Macedonia Północna / Rumunia / Węgry
90%
Rumunia Bułgaria / Mołdawia / Serbia / Ukraina / Węgry
90%
Wielka Brytania Cypr / Hiszpania / Irlandia
90%
Szwecja Finlandia / Norwegia
90%
Monako Francja
90%
Mołdawia Rumunia / Ukraina
90%
Watykan Włochy
90%
Macedonia Północna Albania / Bułgaria / Grecja / Kosowo / Serbia
88%
Słowacja Austria / Czechy / Polska / Ukraina / Węgry
88%
San Marino Włochy
88%
Słowenia Austria / Chorwacja / Węgry / Włochy
86%
Nie znaleziono quizów pasujących do podanych kryteriów
Rozkład punktacji
Procent ludzi z każdym wynikiem
Percentyl według liczby udzielonych odpowiedzi
Twoja historia wyników
Nie rozwiązałeś tego quizu od ostatniego zresetowania